000 00926pam a2200289 a 4500
001 1597216
003 OSt
005 20250917154803.0
008 940928s1995 mauaf b 001 0 eng c
010 _a 94024134
020 _a0316104450
040 _aDNLM/DLC
_cDLC
_dDLC
050 0 0 _aQR46
_b.B65 1995
060 0 0 _aQW 4 B789b 1995
082 0 0 _aGW 4 B7896 1995
_220
100 1 _aBoyd, Robert F.
_91431
245 0 0 _aBasic Medical Microbiology
250 _a5th ed.
260 _aBoston :
_bLittle, Brown,
_c1995.
300 _axvi, 642 p., [8] p. of plates :
_bill. (some col.) ;
_c29 cm.
504 _aIncludes bibliographical references, & index.
650 0 _aMedical microbiology.
_9741
650 1 2 _aMicrobiology.
_9749
906 _a7
_bcbc
_corignew
_d1
_eocip
_f19
_gy-gencatlg
942 _2z
_cO_SHELF
999 _c554
_d554